| 000 | 00407nam a2200157Ia 4500 | ||
|---|---|---|---|
| 008 | 210716s2013 xx 000 0 und d | ||
| 020 | _a9788173718229 | ||
| 041 | _aeng | ||
| 082 | _a005.13 KISR | ||
| 100 | _aKishor, S B. | ||
| 245 | _aProgramming logic and techniques. | ||
| 250 | _a1 | ||
| 260 |
_aNew Delhi _bUniversities Press _c2013 |
||
| 300 | _avii,190 | ||
| 650 | _aProgramming Languages(005.13) | ||
| 999 |
_c193376 _d193376 |
||